| 000 | 03837nam a2200337Ia 4500 | ||
|---|---|---|---|
| 001 | 374033 | ||
| 003 | EC-QuCCB | ||
| 005 | 20260319144003.0 | ||
| 007 | ta | ||
| 008 | 260319s1996 ec ad gr 001 0bspa d | ||
| 020 | _a9978-04-293-3 | ||
| 040 | _aEC-QuCCB | ||
| 041 | 1 | _aspa | |
| 082 | 0 |
_a631 _bS9599 _b1996 |
|
| 100 | 1 |
_aSuquilanda V., Manuel B., _929420 _d1945- |
|
| 245 | 1 | 0 |
_aAgricultura orgánica : _balternativa tecnológica del futuro _cManuel B. Suquilanda V. |
| 260 |
_aQuito, Ecuador : _bUPS, _bFUNDAGRO, _c1996 |
||
| 300 |
_a654 páginas : _bilustraciones, gráficos y tablas ; _c21 cm |
||
| 336 |
_atexto _btxt |
||
| 337 |
_ano mediado _bn |
||
| 338 |
_avolumen _bnc |
||
| 490 | 0 | _aAgricultura Orgánica | |
| 504 | _6Bibliografía : página 654 | ||
| 505 | _aTecnología del futuro -- De la Agricultura Prehispánica a la Revolución Verde -- En búsqueda en nuevas propuestas alternativas de producción agrícola -- La experiencia de la fundación para el desarrollo agropecuario -- Capítulo I: Agricultura Alternativa para América Latina -- Le Tecnología Agrícola en América Latina hacia la búsqueda de alternativas -- El Deterioro de los Ecosistemas y su Biodiversidad: causas y consecuencias -- La Revolución Científica: otro potencial peligro a la vista -- La Agricultura Orgánica como alternativa para la producción de alimentos sanos y nutritivos -- Cómo producir alimentos sanos, nutritivos y abundantes sin utilizar agroquímicos -- Alternativas Tecnológicas de producción agrícola economicamente rentables, compatibles con la conservación ambiental y de la salud humana -- El control biológico "dirigido" una alternativa racional contra los insectos plagas de los cultivos -- Manejo ecológico de la mosca blanca --Capítulo II: Guía para la producción orgánica de cultivos -- Manejo del suelo y de la materia orgánica -- Mejoramiento de la fertilidad de los suelos -- Manejo de las malezas -- Manejo de los insectos plaga y enfermedades de los cultivos -- Semillas y plantas -- el uso del agua para riego -- Capítulo III: Fertilización Orgánica -- Importancia del suelo -- Los nutrientes del suelo -- Deficiencia de nutrientes en los cultivos -- El mejoramiento de la fertilidad del suelo de cultivo -- Capítulo IV: El Biol Fitoestimulante orgánico -- Bases de la producción agrícola -- Manejo fisiotécnico -- El Biol como fuente orgánica de fitorreguladores -- Capítulo V: Manejo ecológico -- La lucha contra las plagas y enfermedades de los cultivos -- El manejo ecológico de las plagas y enfermedades -- Capítulo VI: Por qué producir y consumir hortalizas -- Cómo se hace el huerto -- Planeación del huerto -- La siembra del huerto -- El abono orgánico -- Ciudades del huerto -- Las plagas. Las enfermedades y las malezas del huerto -- Cosechas y conservación de hortalizas -- Capítulo VII: Quinua -- Aspectos generales del cultivo -- Factores ecológicos -- Preparación del suelo -- Capítulo VIII: Hortalizas -- Importancia del cultivo de hortalizas -- Condiciones ecológicas para el cultivo -- Capítulo IX: Minilechugas -- Aspectos generales del cultivo -- Labores culturales -- Capítulo X: Araza -- Aspectos generales del cultivo -- Ecología del cultivo -- cosecha, rendimientos y procesamiento -- Capítulo XI: Papaya -- Generalidades del cultivo -- Siembra -- Manejo del cultivo -- Capítulo XII: Plantas medicinales y hierbas aromáticas -- Condiciones ecológicas para el cultivo -- Manejo ecológico de plagas y enfermedades -- Cosecha, post-cosecha y productividad de las plantas medicinales, hierbas aromáticas y de condimento...... | ||
| 521 | _aDonación Dietlind Brehme | ||
| 590 | _abgg | ||
| 650 |
_aAgricultura _910896 |
||
| 650 |
_aAgricultura _910899 _xEnseñanza |
||
| 650 |
_aAgricultura y estado _910897 |
||
| 942 |
_2ddc _cBK |
||
| 999 |
_c83682 _d83682 |
||